Handbook of environmental engineering calculations

Gespeichert in:
Bibliographische Detailangaben
1. Verfasser: Lee, C. C (VerfasserIn)
Weitere Verfasser: Lin, Shun Dar (autor)
Format: Buch
Sprache:Englisch
Veröffentlicht: Nueva York McGraw Hill 2007
Ausgabe:2a. ed
Schriftenreihe:McGraw Hill Handbooks
Schlagworte:
Tags: Tag hinzufügen
Keine Tags, Fügen Sie den ersten Tag hinzu!

MARC

LEADER 00000nam a2200000 a 4500
001 UCI9374
003 CL-VaPUC
008 081113e20070000US |||||||||||||||||eng|d
020 |a 9780071475839 
082 0 4 |a 628  |b LEE  |2 21 
100 0 |a Lee, C. C  |e author  |9 533113 
700 |a Lin, Shun Dar  |e autor  |9 533119 
245 1 0 |a Handbook of environmental engineering calculations 
250 |a 2a. ed 
300 |a pág. irreg 
942 |c BK 
945 |d 20081113 00:00:00  |a rbrito 
260 |a Nueva York  |b McGraw Hill  |c 2007 
650 7 |a INGENIERIA SANITARIA  |2 CL-VaPUC  |9 262866 
650 0 |a Protección del medio ambiente  |9 257626 
650 0 |a Tratamiento del agua   |9 262889 
650 0 |a Tratamiento de residuos  |9 262890 
650 0 |a Residuos domiciliarios  |9 533115 
650 0 |a Reciclaje  |9 382935 
650 7 |a CONTAMINACION  |2 CL-VaPUC  |9 258139 
650 7 |a CONTROL DE EMISIONES ATMOSFERICAS  |2 CL-VaPUC  |9 533116 
583 |a last modification  |c 20081113 00:00:00  |k Rodrigo Vera 
490 0 |a McGraw Hill Handbooks 
999 |c 331932  |d 331930 
952 |0 0  |1 0  |4 0  |6 628_000000000000000_LEE_2007  |7 0  |8 A  |9 419171  |a BIBING  |b BIBING  |d 2019-11-22  |i 4496655  |o 628 LEE 2007  |p 4496655  |r 2025-01-20  |w 2019-11-22  |y BK  |k EIB